Movies Quiz

Random Movies or Pixar Quiz

What Happened in Finding Nemo? Quiz Stats

 Plays Quiz not verified by Sporcle

Score 0/10 Timer 03:00
1 Play Today
% Correct
Dory sings 'Just Keep Swimming'
95.9%
Dory tries to speak whale
95.6%
Dory remembers the address
94.8%
Marlin goes into a pelican's mouth
91.9%
Bruce tries to eat Marlin and Dory
91.5%
Dory is stung by a jellyfish
90.9%
Marlin warns Nemo against touching the boat
90.9%
Nemo goes down the drain
87.1%
Nemo goes to school
86.7%
Marlin goes into a whale's mouth
80.7%

You're not logged in!

Compare scores with friends on all Sporcle quizzes.
OR
Log In

Sporcle TV

Today on Sporcle TV


Watch our educational content, quiz creation guides, and fun videos on Sporcle TV.

Show Comments

Extras

Top Quizzes Today


Score Distribution

Your Account Isn't Verified!

In order to create a playlist on Sporcle, you need to verify the email address you used during registration. Go to your Sporcle Settings to finish the process.

Report this User

Report this user for behavior that violates our Community Guidelines.

Details: